Deutschland, Österreich oder Schweiz? - Statistiken

Allgemein
  • Dieses Quiz wurde 198 mal gespielt
  • Das Durchschnittsergebnis liegt bei 9 aus 12
Antwortstatistiken
Frage Antwort % Korrekt
...das über die größte Fläche verfügt. Deutschland🇩🇪
100%
...welches einen Zugang zu einem Meer besitzt. Deutschland🇩🇪
100%
...das sich über die kleinste Fläche erstreckt. Schweiz🇨🇭
100%
...das am meisten Einwohner hat. Deutschland🇩🇪
99%
...das nicht Mitglied der EU ist. Schweiz🇨🇭
99%
...in dem nicht mit dem Euro gezahlt wird. Schweiz🇨🇭
97%
...das 2025 das Pfandsystem eingeführt hat. Österreich🇦🇹
67%
...das bei der EM 2024 von diesen Ländern als erstes Land ausgeschieden ist. Österreich🇦🇹
60%
...dessen Anteil an der Fläche, die zu den Alpen gehört, am höchsten ist. Österreich🇦🇹
50%
...dessen Bruttoinlandsprodukt pro Person am geringsten ist. Deutschland🇩🇪
49%
...dessen Fläche fast bis zur Hälfte mit Wald bedeckt ist. Österreich🇦🇹
49%
...das am meisten ESC-Siege errungen hat. Schweiz🇨🇭
41%
Keine übereinstimmenden Quizze gefunden
Verteilung der Resultate
Anzahl Personen mit jedem Resultat
Perzentil nach korrekt beantworteten Fragen
Ihre Resultats-Entwicklung
Sie haben dieses Quiz noch nicht gespielt